Estadísticas para Naciones Asiáticas en Islas

Haz click aquí para tomar la prueba!

Estadísticas generales

  • Esta prueba ha sido tomada 1,231 veces
    (1,216 desde el último reinicio)
  • La puntuación promedio es 10 de 11

Estadísticas de respuestas

Respuestas % Correct
Indonesia
97%
Japón
97%
Sri Lanka
96%
Taiwán
95%
Filipinas
93%
Maldivas
87%
Brunei
86%
Singapur
84%
Timor Oriental
82%
Baréin
67%
Chipre
67%

Distribución de puntuación

Porcentaje por número respondido

Porcentaje de gente con cada puntuación

Historial de tus puntuaciones

No has tomado esta prueba desde el último reinicio